[Event "Maili-Jade inv."]
[Site "chess.com"]
[Date "2020.09.27"]
[Round "5.9"]
[White "Courtemanche, Sylvain"]
[Black "Montmarquette, Yves"]
[Result "1/2-1/2"]
[WhiteElo "1440"]
[BlackElo "1475"]
[PlyCount "156"]
[EventDate "2020.08.29"]
[EventType "swiss"]
[EventRounds "5"]
[EventCountry "CAN"]

1. e4 c5 2. Nf3 g6 3. d4 cxd4 4. Nxd4 Nc6 5. c4 Nf6 6. Nxc6 bxc6 7. e5 Qa5+ 8.
Bd2 Qxe5+ 9. Be2 Bg7 10. Bc3 Qc7 11. O-O O-O 12. Nd2 d6 13. Bf3 Bb7 14. Re1 c5
15. Nb3 Bxf3 16. Qxf3 a5 17. Nxa5 Rxa5 18. Bxa5 Qxa5 19. Rxe7 Qa8 20. Qxa8 Rxa8
21. Rb7 Re8 22. a4 d5 23. cxd5 Nxd5 24. g3 Bd4 25. Kf1 Nb4 26. a5 Bxb2 27. Ra4
Bc3 28. a6 Nxa6 29. Rxa6 Bd4 30. Ra2 h5 31. Re2 Rf8 32. Rbe7 Kg7 33. Re8 Bc3
34. Rxf8 Kxf8 35. Rc2 Bd4 36. Ke2 Kg7 37. Kd3 g5 38. Re2 Kg6 39. h4 g4 40. Re8
Kg7 41. Re2 Kg6 42. Kc4 Kf6 43. Re4 Kg6 44. Rf4 Be5 45. Re4 Bd4 46. Re2 Kg7 47.
Kd5 Kf6 48. Ke4 Kg6 49. Kd5 Kf6 50. Kd6 Kg7 51. Ke7 Bf6+ 52. Ke8 Kg6 53. Kf8
Bg7+ 54. Kg8 Bf6 55. Re4 Kh6 56. Kxf7 Bd4 57. Rf4 Kh7 58. Ke6 Kg6 59. Kd5 Kg7
60. Kd6 Kg6 61. Ke6 Kg7 62. Rf5 Kg6 63. Rf4 Kh6 64. Kf7 Be5 65. Rf5 Bd4 66. Kg8
Kg6 67. Rf7 Kh6 68. Kf8 Kg6 69. Rf4 Be5 70. Rc4 Bd4 71. Rc2 Kf6 72. Re2 Be5 73.
f4 gxf3 74. Rf2 Kf5 75. Rxf3+ Kg4 76. Rf7 Bxg3 77. Rg7+ Kxh4 78. Rh7 Bf2
1/2-1/2

[Event "Mercredi 2020.01.08 ABCD"]
[Site "Montreal CAN"]
[Date "2020.01.08"]
[Round "1"]
[White "Abdelaal, Ibrahim"]
[Black "Latorre, Vincent"]
[Result "1-0"]
[WhiteElo "1948"]
[BlackElo "1892"]
[PlyCount "45"]
[EventDate "2020.01.08"]
[EventType "tourn"]
[EventRounds "5"]
[EventCountry "CAN"]

1. e4 c5 2. Nf3 d6 3. d3 Nc6 4. g3 g6 5. Bg2 Bg7 6. O-O e6 7. Re1 Nge7 8. c3 d5
9. exd5 Nxd5 10. Nbd2 O-O 11. Ne4 b6 12. Bg5 f6 13. Bd2 f5 14. Neg5 Re8 15. h4
Qd6 16. h5 e5 17. hxg6 hxg6 18. Nh4 Nde7 19. Qb3+ Be6 20. Qxe6+ Qxe6 21. Nxe6
Rac8 22. Nxg7 Kxg7 23. Bg5 1-0

[Event "Mercredi 2020.01.08 ABCD"]
[Site "Montreal CAN"]
[Date "2020.01.08"]
[Round "1"]
[White "Audet, Eric"]
[Black "Pelletier, Arnaud"]
[Result "1/2-1/2"]
[WhiteElo "1787"]
[BlackElo "1702"]
[PlyCount "95"]
[EventDate "2020.01.08"]
[EventType "tourn"]
[EventRounds "5"]
[EventCountry "CAN"]

1. e4 c5 2. Nf3 d6 3. d4 cxd4 4. Nxd4 Nf6 5. Nc3 a6 6. Be2 e5 7. Nb3 Be6 8. Be3
Be7 9. f3 O-O 10. Qd2 d5 11. exd5 Nxd5 12. Nxd5 Qxd5 13. Qxd5 Bxd5 14. O-O-O
Bxb3 15. axb3 Nc6 16. Rd7 b5 17. Rhd1 Rfd8 18. Rc7 Nd4 19. Bxd4 Bg5+ 20. Kb1
exd4 21. Rc6 Bf6 22. Re1 Rdc8 23. Rxc8+ Rxc8 24. Bd3 h6 25. Re4 Kf8 26. Kc1 Re8
27. Kd2 Rxe4 28. Bxe4 Ke7 29. b4 Kd6 30. Bb7 Kc7 31. Bxa6 Kb6 32. Bc8 Be7 33.
c3 dxc3+ 34. bxc3 h5 35. Bd7 h4 36. g3 hxg3 37. hxg3 g5 38. Be8 f6 39. Kd3 Bd6
40. g4 Be5 41. c4 bxc4+ 42. Kxc4 Ba1 43. Kd5 Bc3 44. b5 Ba1 45. Ke4 Bb2 46. f4
gxf4 47. Kxf4 Ba1 48. Kf5 1/2-1/2

[Event "Mercredi 2020.01.08 ABCD"]
[Site "Montreal CAN"]
[Date "2020.01.08"]
[Round "1"]
[White "Beaulieu, Pierre"]
[Black "Gadbois, Patrick"]
[Result "0-1"]
[WhiteElo "1920"]
[BlackElo "1878"]
[PlyCount "114"]
[EventDate "2020.01.08"]
[EventType "tourn"]
[EventRounds "5"]
[EventCountry "CAN"]

1. Nf3 d5 2. g3 c5 3. d3 Nc6 4. Bg2 e5 5. O-O Nf6 6. Nbd2 Be7 7. c3 O-O 8. e4
Be6 9. Qe2 Qc7 10. Ng5 Bg4 11. f3 Bh5 12. Nh3 Rad8 13. Nf2 d4 14. c4 Nd7 15. g4
Bg6 16. Rd1 a6 17. Nf1 Bh4 18. Nh3 f6 19. Bd2 b5 20. cxb5 axb5 21. Rdc1 Qb6 22.
f4 h6 23. Kh1 Bf7 24. g5 fxg5 25. fxg5 Bxg5 26. Bxg5 hxg5 27. Nxg5 Ne7 28. Bh3
Ng6 29. Bxd7 Rxd7 30. Qh5 Rfd8 31. Qh7+ Kf8 32. Ng3 Bg8 33. Qh5 Nf4 34. Nh7+
Bxh7 35. Qxh7 Qh6 36. Qf5+ Qf6 37. Rxc5 Nxd3 38. Rxb5 Qxf5 39. Nxf5 Nf2+ 40.
Kg2 Nxe4 41. Rxe5 Nf6 42. h3 Rc8 43. Re2 d3 44. Rf2 Ne4 45. Rf4 Rc2+ 46. Kf3
Nf6 47. Ne3 Rxb2 48. a4 Kg8 49. a5 Nh5 50. Rf5 g6 51. Rg5 Kf7 52. a6 Ra7 53.
Rd5 d2 54. Nc4 Rb3+ 55. Ke4 Nf6+ 56. Kd4 Nxd5 57. Kxd5 Rd3+ 0-1

[Event "Mercredi 2020.01.08 ABCD"]
[Site "Montreal CAN"]
[Date "2020.01.08"]
[Round "1"]
[White "Both, Aaron"]
[Black "Lopez Linares, Lizandro"]
[Result "1-0"]
[WhiteElo "1977"]
[BlackElo "2265"]
[PlyCount "95"]
[EventDate "2020.01.08"]
[EventType "tourn"]
[EventRounds "5"]
[EventCountry "CAN"]

1. e4 d5 2. exd5 Qxd5 3. Nc3 Qa5 4. Bc4 Nf6 5. Nge2 Bf5 6. O-O e6 7. a3 c6 8.
b4 Qc7 9. Ng3 Bg6 10. d3 Nbd7 11. Be3 Rd8 12. b5 Nb6 13. Bb3 Bd6 14. a4 O-O 15.
a5 Nc8 16. Ra4 Nd5 17. Nxd5 cxd5 18. Qe2 Bc5 19. d4 Bd6 20. c4 dxc4 21. Bxc4
Qd7 22. Bb3 Bb8 23. Rd1 Nd6 24. Rb4 Rc8 25. d5 e5 26. f3 f5 27. Bf2 Kh8 28.
Qxe5 Rfe8 29. Qb2 Qc7 30. Bd4 f4 31. Nf1 Nf5 32. b6 axb6 33. Bxb6 Qd6 34. Ba4
Rf8 35. Bf2 Ne3 36. Rxb7 Bf7 37. Nxe3 fxe3 38. Bg3 Qc5 39. Kh1 Bxg3 40. hxg3
Qxa5 41. Bd7 Rcd8 42. Be6 Qa4 43. Ra1 Qe8 44. Raa7 e2 45. Qxe2 Rxd5 46. Re7 Qc6
47. Rxf7 Rh5+ 48. Bh3 1-0

[Event "Mercredi 2020.01.08 ABCD"]
[Site "Montreal CAN"]
[Date "2020.01.08"]
[Round "1"]
[White "Destree, Frederic"]
[Black "Adam, Rafael"]
[Result "0-1"]
[WhiteElo "1866"]
[BlackElo "1815"]
[PlyCount "122"]
[EventDate "2020.01.08"]
[EventType "tourn"]
[EventRounds "5"]
[EventCountry "CAN"]

1. Nf3 d5 2. g3 Nf6 3. Bg2 c5 4. O-O Nc6 5. d3 Bg4 6. Nbd2 e6 7. h3 Bh5 8. b3
Be7 9. Bb2 O-O 10. g4 Bg6 11. Nh4 Qc7 12. Nxg6 hxg6 13. Nf3 Nd7 14. d4 Rac8 15.
c4 dxc4 16. d5 exd5 17. Qxd5 cxb3 18. axb3 Rfe8 19. Rfd1 Rcd8 20. Nd2 Nf8 21.
Qc4 a6 22. Bd5 Bd6 23. Ne4 Ne6 24. Nxd6 Qxd6 25. e4 Ncd4 26. Bxd4 b5 27. Bxc5
Qxc5 28. Qxc5 Nxc5 29. f3 Rb8 30. Rdc1 Rec8 31. Ra2 Nd3 32. Rxc8+ Rxc8 33. Rxa6
Rc1+ 34. Kh2 g5 35. Ra8+ Kh7 36. Ra2 Ne5 37. Kg3 Rc3 38. Rf2 b4 39. Kg2 Nd3 40.
Rd2 Ne1+ 41. Kf2 Nxf3 42. Re2 Ne5 43. Re3 Rc2+ 44. Kg3 Rc3 45. Kf2 Rc2+ 46. Re2
Rc3 47. Kg2 Kg6 48. Rf2 f6 49. Be6 Nd3 50. Bd5 Nxf2 51. Kxf2 Rxh3 52. Bc6 Rc3
53. Ke2 Kh7 54. Kd2 g6 55. Ke2 Kg7 56. Kf2 Kf8 57. Kg2 Ke7 58. Bd5 Kd6 59. Bf7
Ke5 60. Bd5 f5 61. gxf5 gxf5 0-1

[Event "Mercredi 2020.01.08 ABCD"]
[Site "Montreal CAN"]
[Date "2020.01.08"]
[Round "1"]
[White "Fortin-Lavoie, Patrice"]
[Black "Charette, Nicolas"]
[Result "1-0"]
[WhiteElo "1792"]
[BlackElo "1765"]
[PlyCount "85"]
[EventDate "2020.01.08"]
[EventType "tourn"]
[EventRounds "5"]
[EventCountry "CAN"]

1. c4 g6 2. Nc3 Bg7 3. Nf3 d6 4. g3 Be6 5. d3 c6 6. Ng5 Bd7 7. Bg2 h6 8. Nge4
Nf6 9. O-O Qc8 10. Qb3 Na6 11. Bf4 O-O 12. Nxf6+ Bxf6 13. Bxh6 Nc5 14. Qc2 Re8
15. Rab1 Ne6 16. Ne4 Nd4 17. Qd2 Kh7 18. Bf4 Kg7 19. Bh6+ Kh7 20. Nxf6+ exf6
21. Be3 Nf5 22. Bf4 g5 23. Be3 Rh8 24. f4 g4 25. Bf2 Ne7 26. Qc3 Kg7 27. e4 Ng6
28. f5 Ne5 29. d4 Nf3+ 30. Bxf3 gxf3 31. Qxf3 c5 32. d5 Qe8 33. Be1 Qe7 34. Bc3
Rag8 35. b4 cxb4 36. Rxb4 b6 37. a4 Kf8 38. a5 bxa5 39. Rb7 Rh4 40. Rxa7 Rxe4
41. Rxd7 Qxd7 42. Qxe4 Qc7 43. Bxf6 1-0

[Event "Mercredi 2020.01.08 ABCD"]
[Site "Montreal CAN"]
[Date "2020.01.08"]
[Round "1"]
[White "Gates, Claude-Eric"]
[Black "Barko, Maxim"]
[Result "1/2-1/2"]
[WhiteElo "1872"]
[BlackElo "1803"]
[PlyCount "126"]
[EventDate "2020.01.08"]
[EventType "tourn"]
[EventRounds "5"]
[EventCountry "CAN"]

1. d4 e6 2. Nf3 d5 3. e3 Bd6 4. Bd3 f5 5. b3 Nf6 6. Ba3 Bxa3 7. Nxa3 c5 8. O-O
b6 9. c4 O-O 10. Nb5 Ne4 11. Ne5 a6 12. Bxe4 dxe4 13. Nc3 Bb7 14. dxc5 Qf6 15.
Nd7 Nxd7 16. Qxd7 Qxc3 17. Qxb7 bxc5 18. Qe7 Qe5 19. Rad1 f4 20. exf4 Rxf4 21.
Qd6 Qf5 22. Qe7 Rf8 23. Rd8 Rxd8 24. Qxd8+ Kf7 25. Qd7+ Kg6 26. Qd2 h5 27. Re1
Qf6 28. Qe3 Qf5 29. g3 Rf3 30. Qxe4 Rxf2 31. Qxf5+ Rxf5 32. Rxe6+ Rf6 33. Rxf6+
Kxf6 34. Kf2 Ke5 35. Ke3 Kf5 36. a3 a5 37. h3 g5 38. Kf3 g4+ 39. hxg4+ hxg4+
40. Ke3 Ke5 41. Kd3 Kf5 42. Kc3 Ke4 43. b4 axb4+ 44. axb4 cxb4+ 45. Kxb4 Kf3
46. c5 Kxg3 47. c6 Kf2 48. c7 g3 49. c8=Q g2 50. Qf5+ Ke1 51. Qg4 Kf2 52. Qh4+
Kf1 53. Qh3 Kf2 54. Qh2 Kf1 55. Qf4+ Ke2 56. Qc4+ Kf2 57. Qc2+ Kf1 58. Qd3+ Kf2
59. Qf5+ Ke2 60. Qg5 Kf2 61. Qh4+ Kf1 62. Qh2 g1=Q 63. Qxg1+ Kxg1 1/2-1/2

[Event "Mercredi 2020.01.08 ABCD"]
[Site "Montreal CAN"]
[Date "2020.01.08"]
[Round "1"]
[White "Guipi Bopala, Prince Eric jr"]
[Black "Giurgiev, Silvius"]
[Result "1-0"]
[WhiteElo "1842"]
[BlackElo "1827"]
[PlyCount "109"]
[EventDate "2020.01.08"]
[EventType "tourn"]
[EventRounds "5"]
[EventCountry "CAN"]

1. d4 d5 2. Nf3 Nf6 3. c4 c6 4. e3 Bf5 5. Nc3 e6 6. Be2 Nbd7 7. Nh4 Bg6 8. O-O
Ne4 9. Nxg6 Nxc3 10. bxc3 hxg6 11. g3 Bd6 12. Qb3 Rb8 13. Ba3 Nf6 14. cxd5 exd5
15. c4 Bxa3 16. Qxa3 dxc4 17. Bxc4 Ra8 18. Qb3 Qd7 19. Rfe1 Ne4 20. Qc2 Ng5 21.
Qe2 Qh3 22. f4 Ne4 23. Qg2 Qxg2+ 24. Kxg2 Nd6 25. Bd3 Kd7 26. e4 Rad8 27. Rad1
Kc7 28. g4 Rh4 29. e5 Nc8 30. Kg3 Rdh8 31. Rh1 Rh3+ 32. Kg2 Ne7 33. Bc4 f5 34.
g5 Rc3 35. Rc1 Rhh3 36. Bb3 Rhd3 37. Rxc3 Rxc3 38. h4 Rd3 39. Rd1 Nd5 40. Rxd3
Nxf4+ 41. Kf3 Nxd3 42. Bf7 Kd7 43. Bxg6 Ke6 44. h5 c5 45. Ke3 Nxe5 46. dxe5
Kxe5 47. h6 gxh6 48. gxh6 f4+ 49. Kf3 Kf6 50. h7 Kg7 51. Kxf4 b5 52. Ke4 a5 53.
Kd5 c4 54. Kc5 c3 55. Kxb5 1-0

[Event "Mercredi 2020.01.08 ABCD"]
[Site "Montreal CAN"]
[Date "2020.01.08"]
[Round "1"]
[White "Nardone, Raul"]
[Black "Baran, Marius"]
[Result "1-0"]
[WhiteElo "1791"]
[BlackElo "1675"]
[PlyCount "93"]
[EventDate "2020.01.08"]
[EventType "tourn"]
[EventRounds "5"]
[EventCountry "CAN"]

1. d4 Nf6 2. Nf3 e6 3. e3 b6 4. Bd3 Bb7 5. O-O c5 6. b3 Nc6 7. Bb2 Be7 8. a3
Rc8 9. Nbd2 d5 10. Rc1 Nb8 11. Ne5 a6 12. f4 Nbd7 13. Qf3 g6 14. Rcd1 Rc7 15.
dxc5 Nxc5 16. b4 Nxd3 17. cxd3 O-O 18. Rc1 Qb8 19. Rxc7 Qxc7 20. Rc1 Qb8 21.
Qd1 Rc8 22. Ndf3 h6 23. g4 Rxc1 24. Qxc1 Ne8 25. g5 h5 26. Qc3 d4 27. Qxd4 Qd6
28. Nxg6 Qxd4 29. Nxe7+ Kf8 30. Ng6+ fxg6 31. Nxd4 Kf7 32. Ne2 Nd6 33. e4 a5
34. Be5 Ke7 35. Kf2 axb4 36. axb4 Nf7 37. Bf6+ Kd6 38. Nc3 Kc6 39. Ke3 Nd6 40.
Be7 Nb5 41. Nxb5 Kxb5 42. Kd4 Bc6 43. Ke5 Bd7 44. Kf6 Kc6 45. Kxg6 Be8+ 46. Kf6
Kd7 47. Bf8 1-0

[Event "Mercredi 2020.01.08 ABCD"]
[Site "Montreal CAN"]
[Date "2020.01.08"]
[Round "1"]
[White "Nesterov, Timour"]
[Black "Kozlov, Guennadi"]
[Result "0-1"]
[WhiteElo "1952"]
[BlackElo "1902"]
[PlyCount "50"]
[EventDate "2020.01.08"]
[EventType "tourn"]
[EventRounds "5"]
[EventCountry "CAN"]

1. d4 d5 2. Nf3 Nf6 3. c4 c6 4. Nc3 e6 5. Bg5 Be7 6. e3 Nbd7 7. Bd3 dxc4 8.
Bxc4 Nd5 9. Bxe7 Qxe7 10. e4 Nxc3 11. bxc3 Nf6 12. Bd3 O-O 13. h4 c5 14. e5 Nd5
15. Ng5 h6 16. Bh7+ Kh8 17. Qd3 f5 18. exf6 Qxf6 19. Ne4 Qe7 20. Nxc5 e5 21.
Kf1 exd4 22. cxd4 Nf4 23. Qe4 Qf6 24. h5 Nxh5 25. Qh4 Kxh7 0-1

[Event "Mercredi 2020.01.08 ABCD"]
[Site "Montreal CAN"]
[Date "2020.01.08"]
[Round "1"]
[White "Templonuevo, Mark Geryl"]
[Black "Mok, Yuen Tak"]
[Result "0-1"]
[WhiteElo "1977"]
[BlackElo "2099"]
[PlyCount "80"]
[EventDate "2020.01.08"]
[EventType "tourn"]
[EventRounds "5"]
[EventCountry "CAN"]

1. c4 e6 2. Nf3 d5 3. d4 c6 4. e3 f5 5. g4 fxg4 6. Ne5 Nf6 7. Bd3 Be7 8. h3 g3
9. fxg3 O-O 10. Nc3 Qe8 11. e4 Bb4 12. Ng4 Nxe4 13. Bxe4 dxe4 14. Bf4 Nd7 15.
Qc2 c5 16. O-O-O cxd4 17. Rxd4 Bxc3 18. Qxc3 Nc5 19. Kb1 b6 20. b4 Nd3 21. Bd6
Rf3 22. Qd2 Bb7 23. Ne5 Rf2 24. Qd1 Rd8 25. Ng4 Rb2+ 26. Ka1 Rxb4 27. Rxd3 exd3
28. Bxb4 Bxh1 29. Qxh1 Qg6 30. Qf3 d2 31. Bxd2 h5 32. Ne5 Qf6 33. Qe2 Rxd2 34.
Qxd2 Qxe5+ 35. Kb1 Qxg3 36. Qd8+ Kh7 37. h4 Qf4 38. a4 Qxc4 39. Qg5 Qb4+ 40.
Kc1 Qc5+ 0-1

[Event "Mercredi 2020.01.08 ABCD"]
[Site "Montreal CAN"]
[Date "2020.01.08"]
[Round "1"]
[White "Tremblay, Alain"]
[Black "Tsukerman, Julia"]
[Result "1/2-1/2"]
[WhiteElo "2144"]
[BlackElo "1982"]
[PlyCount "46"]
[EventDate "2020.01.08"]
[EventType "tourn"]
[EventRounds "5"]
[EventCountry "CAN"]

1. Nf3 Nf6 2. g3 e6 3. Bg2 d5 4. d3 Be7 5. O-O O-O 6. Nbd2 c5 7. e4 Nc6 8. Re1
b5 9. e5 Nd7 10. h4 Qc7 11. Qe2 a5 12. Nf1 Ba6 13. Bf4 Rac8 14. Ne3 Rfd8 15.
Nxd5 exd5 16. e6 Bd6 17. exd7 Qxd7 18. Bxd6 Qxd6 19. Bh3 Rc7 20. Qe8+ Qf8 21.
Qe3 Qd6 22. Qe8+ Qf8 23. Qe3 Qd6 1/2-1/2

[Event "Mercredi 2020.01.08 ABCD"]
[Site "Montreal CAN"]
[Date "2020.01.15"]
[Round "2"]
[White "Adam, Rafael"]
[Black "Guipi Bopala, Prince Eric jr"]
[Result "1-0"]
[WhiteElo "1815"]
[BlackElo "1842"]
[PlyCount "45"]
[EventDate "2020.01.08"]
[EventType "tourn"]
[EventRounds "5"]
[EventCountry "CAN"]

1. d4 d5 2. c4 e6 3. Nf3 c6 4. e3 Nf6 5. Nbd2 dxc4 6. Nxc4 c5 7. Be2 Nc6 8. O-O
cxd4 9. exd4 Be7 10. Bg5 O-O 11. a3 Nd5 12. Bxe7 Qxe7 13. Qd2 Rd8 14. Rfd1 b6
15. Nfe5 Bb7 16. Rac1 Rac8 17. Bf3 f6 18. Nxc6 Bxc6 19. Re1 Qf7 20. Bg4 f5 21.
Ne5 Qe8 22. Bxf5 Ne7 23. Bxe6+ 1-0

[Event "Mercredi 2020.01.08 ABCD"]
[Site "Montreal CAN"]
[Date "2020.01.15"]
[Round "2"]
[White "Baran, Marius"]
[Black "Charette, Nicolas"]
[Result "0-1"]
[WhiteElo "1675"]
[BlackElo "1765"]
[PlyCount "114"]
[EventDate "2020.01.08"]
[EventType "tourn"]
[EventRounds "5"]
[EventCountry "CAN"]

1. e4 e5 2. Nf3 Nc6 3. d4 exd4 4. Bc4 Nf6 5. e5 Ne4 6. Bd5 Bb4+ 7. Nbd2 Nxd2 8.
Bxd2 Bxd2+ 9. Qxd2 O-O 10. O-O-O d6 11. Bxc6 bxc6 12. Qxd4 d5 13. Qc5 Qe8 14.
h3 Bd7 15. Rhe1 Rb8 16. Nd4 Rb6 17. f4 Qb8 18. b3 Qc8 19. g4 Re8 20. f5 Qd8 21.
e6 fxe6 22. fxe6 Bc8 23. e7 Qd6 24. Qxd6 cxd6 25. Rd2 c5 26. Nf3 d4 27. Rf2 Rb7
28. Rfe2 h6 29. Nh4 g5 30. Nf5 Bxf5 31. gxf5 Kf7 32. f6 Kxf6 33. Re6+ Kg7 34.
Rxd6 Rbxe7 35. Rd1 Re6 36. Rd5 Re5 37. Rd6 R8e6 38. Rd8 h5 39. Kb2 Re3 40. Rh1
Re1 41. Rxe1 Rxe1 42. Rd5 Kf6 43. Rxc5 Re5 44. Rc7 g4 45. hxg4 hxg4 46. Rd7 Re4
47. Rd8 Kg5 48. Kc1 g3 49. Kd2 Kg4 50. c4 dxc3+ 51. Kxc3 Kf3 52. Kd2 g2 53.
Rd3+ Kf2 54. Rd7 Re3 55. Rxa7 g1=Q 56. Ra4 Qe1+ 57. Kc2 Qc3+ 0-1

[Event "Mercredi 2020.01.08 ABCD"]
[Site "Montreal CAN"]
[Date "2020.01.15"]
[Round "2"]
[White "Barko, Maxim"]
[Black "Giurgiev, Silvius"]
[Result "1-0"]
[WhiteElo "1803"]
[BlackElo "1827"]
[PlyCount "25"]
[EventDate "2020.01.08"]
[EventType "tourn"]
[EventRounds "5"]
[EventCountry "CAN"]

1. e4 c6 2. Nf3 d5 3. Nc3 dxe4 4. Nxe4 Bf5 5. Ng3 Bg6 6. h4 h6 7. Ne5 Bh7 8.
Qh5 g6 9. Qf3 Nf6 10. Qb3 Qc8 11. Qxf7+ Kd8 12. Nxg6 Bg8 13. Qxf8+ 1-0

[Event "Mercredi 2020.01.08 ABCD"]
[Site "Montreal CAN"]
[Date "2020.01.15"]
[Round "2"]
[White "Gadbois, Patrick"]
[Black "Abdelaal, Ibrahim"]
[Result "0-1"]
[WhiteElo "1878"]
[BlackElo "1948"]
[PlyCount "92"]
[EventDate "2020.01.08"]
[EventType "tourn"]
[EventRounds "5"]
[EventCountry "CAN"]

1. d4 b5 2. Nf3 Bb7 3. Bf4 Nf6 4. e3 a6 5. Bd3 e6 6. Nbd2 c5 7. c3 Be7 8. e4
O-O 9. O-O Nc6 10. h3 cxd4 11. cxd4 Rc8 12. Rc1 Na5 13. Rxc8 Qxc8 14. Qc1 Qa8
15. Qb1 d5 16. e5 Ne4 17. Re1 Rc8 18. Nxe4 dxe4 19. Bxe4 Bxe4 20. Rxe4 Qd5 21.
Re1 h6 22. b3 Ba3 23. Bc1 Bb4 24. Rd1 Nc6 25. Bd2 Ba3 26. Bc1 Bb4 27. Bb2 Ba5
28. Rc1 Bb6 29. Qd3 Rd8 30. Rd1 Ne7 31. Ba3 Ng6 32. Bd6 Rc8 33. Qd2 Qe4 34. Qe3
Qc2 35. Qd2 Nf4 36. Ba3 g5 37. Kh2 Qf5 38. Qe3 a5 39. g4 Qg6 40. Rc1 Rd8 41.
Be7 Nd5 42. Bxd8 Nxe3 43. Bf6 Nc4 44. bxc4 Qe4 45. cxb5 Qf4+ 46. Kg2 Qxc1 0-1

[Event "Mercredi 2020.01.08 ABCD"]
[Site "Montreal CAN"]
[Date "2020.01.15"]
[Round "2"]
[White "Kozlov, Guennadi"]
[Black "Latorre, Vincent"]
[Result "1/2-1/2"]
[WhiteElo "1902"]
[BlackElo "1892"]
[PlyCount "60"]
[EventDate "2020.01.08"]
[EventType "tourn"]
[EventRounds "5"]
[EventCountry "CAN"]

1. e4 c5 2. Nf3 d6 3. d4 cxd4 4. c3 Nf6 5. Bd3 Nc6 6. cxd4 d5 7. e5 Ne4 8. O-O
Bg4 9. Re1 Bf5 10. Nh4 e6 11. Nxf5 exf5 12. f3 Bb4 13. Rf1 Ng5 14. Bxf5 O-O 15.
Nc3 Ne6 16. Ne2 Qb6 17. Bxe6 fxe6 18. Kh1 Rac8 19. a3 Be7 20. b4 a5 21. bxa5
Nxa5 22. Qd3 Qb3 23. Qxb3 Nxb3 24. Ra2 Nxc1 25. Rxc1 Rxc1+ 26. Nxc1 b5 27. Kg1
Ra8 28. Kf2 Bxa3 29. Ke2 b4 30. Nb3 Rc8 1/2-1/2

[Event "Mercredi 2020.01.08 ABCD"]
[Site "Montreal CAN"]
[Date "2020.01.15"]
[Round "2"]
[White "Lopez Linares, Lizandro"]
[Black "Tsukerman, Julia"]
[Result "1-0"]
[WhiteElo "2265"]
[BlackElo "1982"]
[PlyCount "79"]
[EventDate "2020.01.08"]
[EventType "tourn"]
[EventRounds "5"]
[EventCountry "CAN"]

1. d4 Nf6 2. c4 e6 3. Nf3 d5 4. Nc3 Be7 5. Bf4 O-O 6. e3 c5 7. dxc5 Bxc5 8. a3
dxc4 9. Bxc4 Nc6 10. Qe2 Qe7 11. O-O h6 12. Ne5 Nxe5 13. Bxe5 Bd6 14. Bxd6 Qxd6
15. Rfd1 Qe5 16. Rd4 a6 17. Rad1 b5 18. Ba2 Bb7 19. f3 Qc7 20. Qd2 Rac8 21. Kh1
Rfe8 22. e4 Bc6 23. Rd6 Re7 24. e5 Ne8 25. f4 Qb7 26. Rd3 Rcc7 27. f5 exf5 28.
Nd5 Rxe5 29. Nxc7 Nxc7 30. Rd8+ Ne8 31. Kg1 Qe7 32. Bd5 Qc5+ 33. Qf2 Qxf2+ 34.
Kxf2 Rxd5 35. R1xd5 Bxd5 36. Rxd5 g6 37. Rd7 a5 38. Rd8 Kf8 39. Rb8 b4 40. a4
1-0

[Event "Mercredi 2020.01.08 ABCD"]
[Site "Montreal CAN"]
[Date "2020.01.15"]
[Round "2"]
[White "Mok, Yuen Tak"]
[Black "Tremblay, Alain"]
[Result "0-1"]
[WhiteElo "2099"]
[BlackElo "2144"]
[PlyCount "138"]
[EventDate "2020.01.08"]
[EventType "tourn"]
[EventRounds "5"]
[EventCountry "CAN"]

1. Nf3 d5 2. g3 e6 3. Bg2 c5 4. O-O Nf6 5. c4 Nc6 6. cxd5 exd5 7. d4 Be7 8. b3
O-O 9. Bb2 Bf5 10. Nc3 Re8 11. Rc1 Qa5 12. dxc5 Bxc5 13. Na4 Be7 14. Nd4 Nxd4
15. Bxd4 Rad8 16. Bc3 Qa6 17. e3 Be4 18. f3 Bf5 19. Bd4 Nd7 20. Re1 b5 21. Bf1
Qb7 22. Nc5 Nxc5 23. Bxc5 Bf6 24. Bd4 Be7 25. Bc5 Bf6 26. Qd2 a6 27. Kf2 Qd7
28. Bd4 Be7 29. Qa5 Bd6 30. Qc3 Rc8 31. Qb2 Bf8 32. Red1 Rxc1 33. Rxc1 Rc8 34.
Be2 f6 35. Rxc8 Qxc8 36. Ke1 Bb4+ 37. Kd1 Bg6 38. Qc1 Qd7 39. Bc5 Ba5 40. b4
Bc7 41. Qd2 Qe6 42. Ke1 Be8 43. Bd4 Bd6 44. Qc3 h5 45. a3 h4 46. gxh4 Bxh2 47.
Kd2 Bg6 48. Bd3 Bxd3 49. Qxd3 Bg3 50. Qg6 Bxh4 51. Kd1 Bg5 52. Qh5 Bh6 53. Qg6
Qh3 54. Bxf6 Qe6 55. Qd3 gxf6 56. Qg6+ Bg7 57. Qc2 Kh8 58. Qc7 Bh6 59. f4 Bg7
60. Qd8+ Kh7 61. Qc7 Qe4 62. Qd6 f5 63. Qxa6 Qc4 64. Qa7 Kg6 65. Qb6+ Kh5 66.
Qe6 Bc3 67. Kc2 Bxb4+ 68. Kd1 Qd3+ 69. Kc1 Bxa3# 0-1

[Event "Mercredi 2020.01.08 ABCD"]
[Site "Montreal CAN"]
[Date "2020.01.15"]
[Round "2"]
[White "Nardone, Raul"]
[Black "Audet, Eric"]
[Result "0-1"]
[WhiteElo "1791"]
[BlackElo "1787"]
[PlyCount "70"]
[EventDate "2020.01.08"]
[EventType "tourn"]
[EventRounds "5"]
[EventCountry "CAN"]

1. d4 c6 2. Nf3 d5 3. e3 Nf6 4. Bd3 Nbd7 5. O-O Qc7 6. c4 dxc4 7. Bxc4 Nb6 8.
Bd3 Bg4 9. Qe2 e6 10. h3 Bh5 11. Nc3 Be7 12. e4 Rd8 13. Be3 O-O 14. Rac1 Qb8
15. g4 Bg6 16. Ne5 Nfd7 17. Nxg6 hxg6 18. f4 c5 19. d5 exd5 20. Nxd5 Nxd5 21.
exd5 b6 22. Bc4 g5 23. Rf3 gxf4 24. Bxf4 Bd6 25. Qe4 Ne5 26. Bxe5 Bxe5 27. Bd3
g6 28. Rcf1 Qd6 29. Bc4 Bxb2 30. a4 Rde8 31. Qd3 Bd4+ 32. Kg2 Re7 33. h4 Rfe8
34. h5 Re3 35. hxg6 fxg6 {time} 0-1

[Event "Mercredi 2020.01.08 ABCD"]
[Site "Montreal CAN"]
[Date "2020.01.15"]
[Round "2"]
[White "Nesterov, Timour"]
[Black "Beaulieu, Pierre"]
[Result "1-0"]
[WhiteElo "1952"]
[BlackElo "1920"]
[PlyCount "68"]
[EventDate "2020.01.08"]
[EventType "tourn"]
[EventRounds "5"]
[EventCountry "CAN"]

1. d4 g6 2. c4 Bg7 3. Nc3 d6 4. e4 Nd7 5. Nf3 e5 6. Be2 Ngf6 7. O-O O-O 8. dxe5
dxe5 9. Qc2 c6 10. a3 Nh5 11. g3 Nc5 12. Be3 Qe7 13. b4 Ne6 14. Rad1 Rd8 15.
Rxd8+ Qxd8 16. Rd1 Qc7 17. Qd3 Bf8 18. Ng5 Nhg7 19. h4 Be7 20. Nf3 f5 21. exf5
gxf5 22. Ng5 Nxg5 23. Bxg5 Bxg5 24. hxg5 Be6 25. Na4 Qe7 26. Nc5 Qxg5 27. Qd6
Qf6 28. Nd7 Qg5 29. Qxe5 Kh8 30. Nc5 Re8 31. Qd4 Bc8 32. Bf3 b6 33. Nb3 Ba6 34.
Bxc6 Rf8 1-0

[Event "Mercredi 2020.01.08 ABCD"]
[Site "Montreal CAN"]
[Date "2020.01.15"]
[Round "2"]
[White "Pelletier, Arnaud"]
[Black "Fortin-Lavoie, Patrice"]
[Result "1-0"]
[WhiteElo "1702"]
[BlackElo "1792"]
[PlyCount "99"]
[EventDate "2020.01.08"]
[EventType "tourn"]
[EventRounds "5"]
[EventCountry "CAN"]

1. c4 e5 2. g3 Nf6 3. Bg2 Bc5 4. Nc3 a6 5. e3 d6 6. Nge2 c6 7. O-O Bf5 8. d4
Ba7 9. dxe5 dxe5 10. Qxd8+ Kxd8 11. Rd1+ Nbd7 12. b3 Kc7 13. b4 Rad8 14. c5 e4
15. h3 Ne5 16. Nd4 Nd5 17. Nxf5 Nxc3 18. Rxd8 Rxd8 19. Bb2 Ne2+ 20. Kf1 Nc4 21.
Bxg7 Rd2 22. Bxe4 Bb8 23. Bf3 Nxg3+ 24. Nxg3 Kd7 25. Rd1 Bxg3 26. Bg4+ f5 27.
Bxf5+ Ke7 28. Rxd2 Nxd2+ 29. Ke2 Bxf2 30. Kxf2 Kf7 31. Bc3 Nc4 32. Bd3 Na3 33.
Bb2 Nb5 34. Bxb5 axb5 35. Kf3 Ke6 36. e4 Ke7 37. Kf4 Ke6 38. Kg5 Kf7 39. Kh6
Kg8 40. h4 Kf7 41. Kxh7 Ke6 42. Kg7 b6 43. cxb6 c5 44. b7 c4 45. b8=Q c3 46.
Bxc3 Kd7 47. Qb7+ Ke6 48. Qd5+ Ke7 49. Bf6+ Ke8 50. Qd8# 1-0